Agreement between the Commonwealth of Australia and Australia Japan Tuna Pty Ltd.

Saved in:
Bibliographic Details
Corporate Authors: Australia, Australia. Dept. of Primary Industries and Energy, Australia Japan Tuna Pty Ltd
Format: Book
Language:English
Published: Canberra : Australian Govt. Pub. Service, c1989.
Subjects:
LEADER 01183cam a2200289 a 4500
001 c000190346
003 CARM
005 20051221130450.0
008 890824s1989 aca f000 0 eng d
019 1 |a 6453668  |z 41365686  |z 26574895  |5 LACONCORD2021 
020 |a 0644098783 (pbk.) 
035 |a (OCoLC)221029495  |5 LACONCORD2021 
040 |a WLB  |b eng  |c WLB  |d XNLS 
042 |a anuc 
082 0 4 |a 343.9407692  |2 20 
110 1 |a Australia. 
245 1 0 |a Agreement between the Commonwealth of Australia and Australia Japan Tuna Pty Ltd. 
260 |a Canberra :  |b Australian Govt. Pub. Service,  |c c1989. 
300 |a 19, [20] p. ;  |c 25 cm. 
500 |a At head of title: Department of Primary Industries and Energy. 
500 |a Australian Govt. Pub. Service Cat. No. 890627X. 
650 0 |a Tuna fishing  |x Law and legislation  |z Australia. 
710 1 |a Australia.  |b Dept. of Primary Industries and Energy 
710 2 |a Australia Japan Tuna Pty Ltd. 
852 8 |b CARM  |h A2:AP01B0  |i C07902  |p 0266997  |f BK 
999 f f |i 866dbf50-fc26-5881-9817-ea4490eea8c6  |s b1bc5635-58ef-5be5-b337-c076aa250355 
952 f f |p Can circulate  |a CAVAL  |b CAVAL  |c CAVAL  |d CARM 1 Store  |e C07902  |f A2:AP01B0  |h Other scheme  |i book  |m 0266997